[Event "Let's Play Chess!"]
[Site "http://www.queenalice.com/game.php?id=630496"]
[Date "2009.8.4"]
[Round "-"]
[White "TioKekanha"]
[Black "plasticwindow"]
[Result "1-0"]
[WhiteElo "1733"]
[BlackElo "1754"]

1. e4 e5 2. Nf3 Nc6 3. d3 Nf6 4. Nc3 Bd6 5. Bg5 O-O 6. Bxf6 Qxf6 7. Nd5 Qg6 8.
c3 b5 9. Nh4 Qe6 10. Nf5 Bb7 11. Be2 Qg6 12. O-O Rfe8 13. Nxd6 Qxd6 14. h3 Ne7
15. Nxe7+ Qxe7 16. Bf3 f6 17. Bg4 d6 18. f4 a5 19. Bh5 g6 20. Bf3 Rab8 21. f5
gxf5 22. exf5 Bxf3 23. Qxf3 Qf7 24. Qe4 b4 25. cxb4 Rxb4 26. Qe2 Qd5 27. b3 a4
28. Qh5 Re7 29. bxa4 Qxd3 30. Qh6 Qd4+ 31. Kh1 Qh4 32. Qd2 Rxa4 33. Qd5+ Kg7 34.
Rab1 1-0

[Event "Let's Play Chess!"]
[Site "http://www.queenalice.com/game.php?id=633914"]
[Date "2009.8.10"]
[Round "-"]
[White "BobySponja"]
[Black "plasticwindow"]
[Result "1-0"]
[WhiteElo "1756"]
[BlackElo "1731"]

1. e4 e5 2. Bc4 Nf6 3. d3 Bb4+ 4. c3 Bc5 5. Nf3 d5 6. Bb3 Be6 7. h3 Nc6 8. Bg5
O-O 9. Nbd2 h6 10. Be3 Bxe3 11. fxe3 dxe4 12. dxe4 Qd3 13. Qe2 Qxe2+ 14. Kxe2
Bxb3 15. Nxb3 Nxe4 16. Rhd1 f5 17. Rd7 Rac8 18. Rad1 f4 19. exf4 1-0

[Event "Let's Play Chess!"]
[Site "http://www.queenalice.com/game.php?id=642676"]
[Date "2009.8.26"]
[Round "-"]
[White "igorjava"]
[Black "plasticwindow"]
[Result "0-1"]
[WhiteElo "1890"]
[BlackElo "1718"]

1. e4 e5 2. f4 Bc5 3. Nf3 Nf6 4. Nc3 O-O 5. fxe5 Ng4 6. d4 Be7 7. Bc4 c6 8. O-O
b5 9. Bb3 c5 10. Nxb5 Ba6 11. Nd6 Bxf1 12. Qxf1 Bxd6 13. exd6 cxd4 14. Nxd4 Qb6
15. c3 Qxd6 16. Bf4 Qg6 17. Qf3 Nc6 18. Nf5 Rfe8 19. Bc2 Nce5 20. h3 Nxf3+ 21.
gxf3 Ne3+ 22. Kf2 Nxc2 23. Rg1 Qb6+ 24. Kf1 g6 25. b4 Nxb4 26. cxb4 a5 27. Nh6+
Kg7 28. Ng4 Rac8 29. Bh6+ Kg8 30. Be3 Qxb4 31. Nf6+ Kf8 32. Nxd7+ Ke7 33. Bc5+
Qxc5 34. Nxc5 Rxc5 35. Rg2 Rb8 36. Rd2 Rc3 0-1

[Event "Challenge"]
[Site "http://www.queenalice.com/game.php?id=645568"]
[Date "2009.9.1"]
[Round "-"]
[White "justeldiablo"]
[Black "plasticwindow"]
[Result "1-0"]
[WhiteElo "1984"]
[BlackElo "1737"]

1. e4 e5 2. c3 d5 3. Nf3 dxe4 4. Qa4+ Bd7 5. Qxe4 Nc6 6. Bc4 Nf6 7. Qc2 Bd6 8.
Ng5 O-O 9. d3 h6 10. Ne4 Nxe4 11. dxe4 Be6 12. Be2 Rb8 13. Nd2 a5 14. Nf3 b6 15.
g3 Bh3 16. Nh4 Qf6 17. Be3 Bc5 18. Bxc5 bxc5 19. Bf1 Bxf1 20. Rxf1 Rfd8 21. Ng2
Qg6 22. Ne3 Qe6 23. Nd5 Ne7 24. c4 c6 25. Nxe7+ Qxe7 26. b3 Qe6 27. f3 1-0

[Event "Challenge"]
[Site "http://www.queenalice.com/game.php?id=659253"]
[Date "2009.9.28"]
[Round "-"]
[White "pauldavidkrewson"]
[Black "plasticwindow"]
[Result "0-1"]
[WhiteElo "1626"]
[BlackElo "1741"]

1. e4 e5 2. d3 Bc5 3. Nf3 d6 4. Be2 Nf6 5. O-O O-O 6. Nc3 Ng4 7. Be3 Bxe3 8.
fxe3 Nxe3 9. Qd2 Nxf1 10. Rxf1 Nc6 11. Nd5 Be6 12. c3 f5 13. Ng5 Bd7 14. Bf3 h6
15. Nh3 fxe4 16. Bxe4 Rxf1+ 17. Kxf1 Be6 18. Nf2 Qd7 19. Qe3 Rf8 20. Qg3 g5 21.
h4 b5 22. hxg5 Qg7 23. g6 Bf5 24. Kg1 Bxe4 25. Nxe4 Ne7 26. Nxd6 Nxd5 27. Nxb5
a6 0-1

[Event "Challenge"]
[Site "http://www.queenalice.com/game.php?id=676497"]
[Date "2009.11.2"]
[Round "-"]
[White "plasticwindow"]
[Black "pauldavidkrewson"]
[Result "1-0"]
[WhiteElo "1741"]
[BlackElo "1577"]

1. e4 e5 2. Nf3 Nc6 3. Bb5 Nf6 4. Nc3 Bc5 5. Nxe5 Nxe5 6. O-O O-O 7. d4 a6 8.
dxc5 axb5 9. Nxb5 d5 10. Qd4 Nxe4 11. Qxe5 c6 12. b3 Re8 13. Qd4 cxb5 14. Bb2 f6
15. Rfd1 Bg4 16. f3 Bh5 17. Qxd5+ Qxd5 18. Rxd5 Ng5 19. a4 b4 20. Rd4 Re2 21.
Rxb4 Rxc2 22. Ba3 Bf7 23. Rxb7 Re8 24. Rc1 Rxc1+ 25. Bxc1 Re1+ 26. Kf2 Rxc1 27.
Rb8+ Be8 28. Rxe8+ Kf7 29. Re1 Rxc5 30. h4 Ne6 31. Ra1 Nd4 32. b4 Rc2+ 33. Kg3
h5 34. b5 Rb2 35. f4 f5 36. Rd1 1-0

[Event "Challenge"]
[Site "http://www.queenalice.com/game.php?id=752381"]
[Date "2010.3.27"]
[Round "-"]
[White "plasticwindow"]
[Black "massimo"]
[Result "1-0"]
[WhiteElo "1723"]
[BlackElo "1776"]

1. e4 e5 2. Nf3 Nf6 3. d3 Nc6 4. Nc3 d6 5. Be2 Be7 6. O-O O-O 7. h3 d5 8. d4
Nxe4 9. Nxe4 dxe4 10. Nxe5 Nxd4 11. Bg4 f5 12. Bh5 Be6 13. c3 Nb5 14. Be2 a6 15.
Bc4 Bxc4 16. Nxc4 c5 17. Qb3 Kh8 18. Bf4 Rf6 19. Rfd1 Qf8 20. Nb6 Rxb6 21. c4 g5
22. Be5+ Bf6 23. f4 gxf4 24. Bxf4 Bd8 25. cxb5 Rxb5 26. Be5+ Bf6 27. Qe6 c4 28.
Bxf6+ 1-0

[Event "Let's Play Chess!"]
[Site "http://www.queenalice.com/game.php?id=758472"]
[Date "2010.4.9"]
[Round "-"]
[White "plasticwindow"]
[Black "APSHOOTER"]
[Result "0-1"]
[WhiteElo "1776"]
[BlackElo "1709"]

1. e4 d5 2. Nc3 d4 3. Nd5 e6 4. Nf4 Nf6 5. Bb5+ Bd7 6. Qe2 a6 7. Bxd7+ Nbxd7 8.
Nf3 e5 9. Nd5 Nxd5 10. exd5 h6 11. Nxe5 Nxe5 12. O-O Qxd5 13. h3 O-O-O 14. d3 g5
15. c4 Qd6 16. Re1 Bg7 17. b3 f5 18. Qc2 Rhe8 19. c5 Qc6 20. b4 Qb5 21. a4 Qxd3
22. Qa2 Nf3+ 23. gxf3 Rxe1+ 24. Kg2 Qf1+ 25. Kh2 Qg1# 0-1

[Event "Let's Play Chess!"]
[Site "http://www.queenalice.com/game.php?id=758479"]
[Date "2010.4.9"]
[Round "-"]
[White "piemme"]
[Black "plasticwindow"]
[Result "1-0"]
[WhiteElo "1642"]
[BlackElo "1757"]

1. e4 e5 2. Nf3 d6 3. d3 Nc6 4. b3 Nf6 5. a4 Be7 6. c4 O-O 7. Be2 h6 8. Bd2 Nd4
9. Nxd4 exd4 10. b4 b5 11. axb5 Bb7 12. O-O c6 13. bxc6 Bxc6 14. b5 Bd7 15. Bc1
1-0

[Event "Let's Play Chess!"]
[Site "http://www.queenalice.com/game.php?id=763324"]
[Date "2010.4.20"]
[Round "-"]
[White "RN"]
[Black "plasticwindow"]
[Result "1-0"]
[WhiteElo "1813"]
[BlackElo "1736"]

1. Nf3 d6 2. e4 Nf6 3. e5 dxe5 4. Nxe5 Be6 5. d4 Bd5 6. c4 Be4 7. Nc3 Bf5 8. Bd3
Bg4 9. Nxg4 Nxg4 10. Qxg4 Nc6 11. Be3 e5 12. O-O 1-0

[Event "Let's Play Chess!"]
[Site "http://www.queenalice.com/game.php?id=770985"]
[Date "2010.5.5"]
[Round "-"]
[White "igorjava"]
[Black "plasticwindow"]
[Result "1-0"]
[WhiteElo "1902"]
[BlackElo "1727"]

1. e4 e5 2. f4 Bd6 3. Nf3 Nf6 4. fxe5 Bc5 5. exf6 Qxf6 6. d4 Bb4+ 7. c3 Bd6 8.
Be2 Bf4 9. O-O O-O 10. e5 Qh6 11. Bxf4 Qxf4 12. Nbd2 d6 13. Kh1 Qh6 14. Ne4 d5
15. Ng3 Nc6 16. Qd3 a5 17. a4 Qe6 18. Qd2 h6 19. b3 Bd7 20. Nh4 Qe7 21. Nhf5 1-0

[Event "Challenge"]
[Site "http://www.queenalice.com/game.php?id=836685"]
[Date "2010.9.23"]
[Round "-"]
[White "plasticwindow"]
[Black "pauldavidkrewson"]
[Result "0-1"]
[WhiteElo "1703"]
[BlackElo "1580"]

1. e4 e5 2. Nf3 Nc6 3. Nc3 Nf6 4. d3 Bb4 5. d4 Nxe4 6. Be3 Nxc3 7. Qd2 Ne4 8. c3
Nxd2 9. Bxd2 Bd6 10. Be2 O-O 11. d5 e4 12. dxc6 exf3 13. Bxf3 bxc6 14. O-O Qh4
15. Rfe1 Ba6 16. g3 Qf6 17. Be2 Bxe2 18. Rxe2 Rae8 19. Rae1 Rxe2 20. Rxe2 Qd8
21. a3 Re8 22. Kf1 Rxe2 23. Kxe2 Qb8 24. b4 c5 25. Bf4 cxb4 26. h4 bxa3 0-1